000 00581nam a22001697a 4500
005 20231108101709.0
008 231108b |||||||| |||| 00| 0 eng d
020 _a9780409121926 ; 9780409121933
041 _aEnglish
082 _a346.3 NEE
100 _aNeethling, J ; Potgieter, JM and Roos, A
_lEnglish
245 _aNeethling on Personality Rights /
_cJ Neethling, JM Potgieter and A Roos
260 _aDurban :
_bLexisNexis (Pty) Ltd,
_c2019
300 _bxiii, 490 pages ;
_c25 cm.
650 _aLegal practice
_bLaw
942 _cBK
_6ALISON_BN_VRIES
999 _c416
_d416